000 00651nam a22002537a 4500
003 UA-OsUOA
001 28865
007 ta
008 20050511b un ||||| |||| 00| 0 ukr d
100 _aДайчман Иосиф
090 _a341.456
_bД14
942 _cBK
040 _aUA-OsUOA
_brus
_cUA-OsUOA
_dUA-OsUOA
245 _aИнтерпол. Всемирная система боротьбы с преступностью
300 _a480 с.
955 _a0
041 _arus
080 _a341.456
020 _a5-7905-1657-2
260 _aМ.
_bРИПОЛ КЛАССИК
_c2003
044 _aRU
650 7 _2UDC
999 _c315238
_d315238